000 05686nam a22003377a 4500
001 TIC 0003
003 gtcocun
005 20250924174630.0
006 a||||gr|||| 00| 0
007 ta
008 250924b2019 gt ||||| m||| 00| 0 eng d
040 _agtcocun
_bSPA
_cgtcocun
_eRDA
041 _aSPA TIC 0003
084 _0TIC 0003
100 _aChávez Leal, César José Antonio
_eAutor
245 _aDISEÑO Y PLANIFICACIÓN DE SISTEMA DE ALCANTARILLADO SANITARIO Y PLUVIAL BARRIO BELLA VISTA, Y CALLE PERIFÉRICO NORESTE, ÁREA URBANA, SAN PEDRO CARCHÁ, ALTA VERAPAZ./
_cCésar José Antonio Chávez Leal.
_hImpreso
264 _aCobán, Alta Verapaz:
_bUniversidad de San Carlos de Guatemala, Centro Universitario del Norte, Ingeniería Civil
_c2019
300 _a153 p.:
_bIlustraciones, gráficas.
_c28 cm;
300 _cPDF
336 _2rdacontenido
_aTexto
_btxt
337 _2rdamedio
_aComputadora
_bn
338 _2rdasoporte
_aCódigo en línea
_bcr
502 _eTIC 0003
502 _aTesis de grado
_bIngeniería Civil,
_cUniversidad de San Carlos de Guatemala, Centro Universitario del Norte, Ingeniería Civil,
_d2019
_oTIC 0003
520 1 4 _aA través del Ejercicio Profesional Supervisado se atendieron necesidades que poseía el municipio de San Pedro Carchá del Departamento de Alta Verapaz, de acuerdo a la investigación realizada, se logró determinar que una de las necesidades prioritarias es la falta de alcantarillados en el Barrio Bella Vista que aun ubicándose dentro de la zona urbana del municipio no cuenta con estos servicios básicos, y también se determinó que en función al crecimiento en la economía y población se hace de vital importancia una ruta alterna al centro del municipio que permita el flujo vehicular a zonas menos congestionadas. En el Barrio Bella Vista se realizó el diseño de un sistema de alcantarillado sanitario y pluvial adaptado a las condiciones de abastecimiento de agua potable y a la topografía presentadas en el lugar, con el fin de mejorar la calidad de vida de los habitantes del barrio y así disminuir la posibilidad de enfermedades a causa del mal manejo de estos desechos, también se utilizaron los criterio determinados por el manual de diseño de alcantarillados del INFOM y una planta de tratamiento diseñada por la empresa AMANCO que cumpla con los requisitos del acuerdo gubernativo 236-2006, el diseño final está conformado por 1 654 metros lineales de tubería para el sistema de alcantarillado sanitario junto con 75 candelas domiciliares, mientas que para el drenaje pluvial se cuenta con 590 metros de tubería y 28 tragantes, y en total se cuenta con 2 244 metros de tubería y 42 pozos para ambos alcantarillados. En función de la necesidad de rutas alternas se diseñó una nueva carretera pavimentada que conectara el Barrio Chibujbu y Caserío Sacsi Chiyo del municipio de San Pedro Carchá en Alta Verapaz, con el objetivo de poder desfogar vehículos comerciales y particulares que no presenten la necesidad de circular A través del Ejercicio Profesional Supervisado se atendieron necesidades que poseía el municipio de San Pedro Carchá del Departamento de Alta Verapaz, de acuerdo a la investigación realizada, se logró determinar que una de las necesidades prioritarias es la falta de alcantarillados en el Barrio Bella Vista que aun ubicándose dentro de la zona urbana del municipio no cuenta con estos servicios básicos, y también se determinó que en función al crecimiento en la economía y población se hace de vital importancia una ruta alterna al centro del municipio que permita el flujo vehicular a zonas menos congestionadas. En el Barrio Bella Vista se realizó el diseño de un sistema de alcantarillado sanitario y pluvial adaptado a las condiciones de abastecimiento de agua potable y a la topografía presentadas en el lugar, con el fin de mejorar la calidad de vida de los habitantes del barrio y así disminuir la posibilidad de enfermedades a causa del mal manejo de estos desechos, también se utilizaron los criterio determinados por el manual de diseño de alcantarillados del INFOM y una planta de tratamiento diseñada por la empresa AMANCO que cumpla con los requisitos del acuerdo gubernativo 236-2006, el diseño final está conformado por 1 654 metros lineales de tubería para el sistema de alcantarillado sanitario junto con 75 candelas domiciliares, mientas que para el drenaje pluvial se cuenta con 590 metros de tubería y 28 tragantes, y en total se cuenta con 2 244 metros de tubería y 42 pozos para ambos alcantarillados. En función de la necesidad de rutas alternas se diseñó una nueva carretera pavimentada que conectara el Barrio Chibujbu y Caserío Sacsi Chiyo del municipio de San Pedro Carchá en Alta Verapaz, con el objetivo de poder desfogar vehículos comerciales y particulares que no presenten la necesidad de circular por el centro del municipio y mejorar así la calidad del tránsito y fluidez en el centro del municipio, se utilizaron normativas de la dirección general de caminos, centroamericanas y AASHTO para diseñar un tramo carretero de dos vías con una longitud de 2 661 metros y un ancho de calzada de 7.20 metros que garantiza la seguridad de los usuarios.
650 1 4 _2LEMB
_aSan Pedro Carchá, Alta Verapaz.
_xIngeniería
_xTopografía
_xDesechos
_xAlcatarillados
_xDesfogar
_xComerciales
700 _aIng. Civil Marlon Alexander Moran Castro
_eAsesor
856 _uhttps://drive.google.com/file/d/1Ztpf09c3_ajhBZ6V2TQiU_dv_ieSSheH/view
_yPDF
_zUn ejemplar en línea.
942 _2ddc
_cTES
_iTIC 0003
_kClasificación
_n0
_6TIC_0003_000000000000000
999 _c2124
_d2124